|
|
|
|
| LEADER |
00894nam a2200313 4500 |
| 001 |
DLU030025507 |
| 005 |
##20020403093135.0 |
| 008 |
##001018s2001 njua b 001 0 eng |
| 010 |
# |
# |
|a 00051666
|
| 020 |
# |
# |
|a 0130313580
|
| 040 |
# |
# |
|a DLC
|c DLC
|d DLC
|
| 042 |
# |
# |
|a pcc
|
| 050 |
# |
# |
|a QA76.76.O63
|b T359 2001
|
| 082 |
# |
# |
|a 005.43
|b TA-A
|
| 100 |
# |
# |
|a Tanenbaum, Andrew S.,
|d 1944-
|
| 245 |
# |
# |
|a Modern operating systems /
|c Andrew S. Tanenbaum.
|
| 250 |
# |
# |
|a 2nd ed.
|
| 260 |
# |
# |
|a Upper Saddle River, N.J. :
|b Prentice Hall,
|c c2001.
|
| 300 |
# |
# |
|a xxiv, 951 p. :
|b ill. ;
|c 25 cm.
|
| 504 |
# |
# |
|a Includes bibliographical references (p. 901-934) and index.
|
| 650 |
# |
# |
|a Operating systems (Computers)
|
| 994 |
# |
# |
|a DLU
|
| 900 |
# |
# |
|a True
|
| 911 |
# |
# |
|a Lê Thị Mạnh Xuân
|
| 925 |
# |
# |
|a G
|
| 926 |
# |
# |
|a A
|
| 927 |
# |
# |
|a SH
|
| 980 |
# |
# |
|a Thư viện Trường Đại học Đà Lạt
|